| 000 | 01139nam a2200289 a 4500 | ||
|---|---|---|---|
| 001 | 000009260 | ||
| 003 | DO-SdBNP | ||
| 005 | 20240516203814.0 | ||
| 007 | ta | ||
| 008 | 090929s2001 dr r 000 0 spa d | ||
| 040 |
_aDO-SdBNP _bspa _cBNPHU |
||
| 082 | 4 |
_a343.729304 _bR426c, 2001 _222 |
|
| 110 | 2 |
_aRepública Dominicana _9447 |
|
| 240 | 1 | 0 | _a[Código, etc] |
| 245 | 1 | 0 |
_aCódigo tributario de la República Dominicana y legislación complementaria / _cprólogo Juan R. Herrera. |
| 260 |
_aSanto Domingo : _bPellerano y Herrera, _c2001. |
||
| 300 |
_a254 p. ; _c23 cm. |
||
| 500 | _aIncluye notas al pie de las páginas | ||
| 505 | 0 | _aDe las normas generales, procedimientos y sanciones tributarias -- Impuesto sobre la renta -- Transferencias de bienes industrializados y servicios -- Del impuesto selectivo al consumo. | |
| 590 | _aInventariado, 2018/VM | ||
| 650 | 4 |
_aDerecho fiscal _xLegislación _zRepública Dominicana _99397 |
|
| 650 | 4 |
_aLeyes _zRepública Dominicana _93033 |
|
| 650 | 0 |
_aImpuestos _98380 |
|
| 700 | 1 |
_aHerrera, Juan R., _epról. _923966 |
|
| 910 | _aValidado. control de calidad. EMS | ||
| 942 |
_2ddc _cLBS1 |
||
| 999 |
_c9022 _d9022 |
||